上海11号线地铁站 - Statistics

General Stats
  • This quiz has been taken 240 times
  • The average score is 28 of 39
Answer Stats
11号线地铁站 % Correct
花桥
96%
迪士尼
96%
嘉定北
89%
徐家汇
88%
江苏路
87%
上海赛车场
86%
交通大学
85%
曹杨路
84%
嘉定新城
83%
南翔
83%
真如
81%
上海西站
79%
东方体育中心
79%
三林
79%
嘉定西
78%
安亭
77%
龙华
74%
三林东
74%
陈翔公路
73%
上海游泳馆
73%
罗山路
73%
光明路
69%
李子园
68%
马陆
66%
兆丰路
65%
上海汽车城
65%
白银路
63%
隆德路
62%
桃浦新村
61%
御桥
61%
康新公路
58%
昌吉东路
56%
武威路
55%
枫桥路
55%
龙耀路
55%
浦三路
55%
云锦路
54%
秀沿路
54%
祁连山路
48%
No matching quizzes found
Score Distribution
Percent of People with Each Score
Percentile by Number Answered
Your Score History
You have not taken this quiz